00458nam a2200085Ia 4500008004100000245020400041260000900245300009500254650002300349180130s9999 xx 000 0 und d cEnsslin, Sandra Rolim; Ensslin, Leonardo; Lacerda, Rogerio Tadeu de Oliveira; De Souza, Victor Hugo AurelioaDisclosure of the state of the art of performance evaluation applied to project management c2015 aBook title: Strategic planning for project management--Acession number C20548; pages 69-88 aPROJECT MANAGEMENT